<?xml version="1.0" encoding="UTF-8"?>
<record
    xmlns:xsi="http://www.w3.org/2001/XMLSchema-instance"
    xsi:schemaLocation="http://www.loc.gov/MARC21/slim http://www.loc.gov/standards/marcxml/schema/MARC21slim.xsd"
    xmlns="http://www.loc.gov/MARC21/slim">

  <leader>01133nam a22002415a 4500</leader>
  <controlfield tag="003">OSt</controlfield>
  <controlfield tag="005">20170208114607.0</controlfield>
  <controlfield tag="008">170208s2006    ua     frbl   000 0 ara d</controlfield>
  <datafield tag="015" ind1=" " ind2=" ">
    <subfield code="a">2006 / 4462</subfield>
  </datafield>
  <datafield tag="020" ind1=" " ind2=" ">
    <subfield code="a">9770449318</subfield>
  </datafield>
  <datafield tag="040" ind1=" " ind2=" ">
    <subfield code="a">EG-ScBUE</subfield>
    <subfield code="b">ara</subfield>
    <subfield code="c">EG-ScBUE</subfield>
  </datafield>
  <datafield tag="043" ind1=" " ind2=" ">
    <subfield code="a">f-ua---</subfield>
  </datafield>
  <datafield tag="082" ind1="0" ind2="4">
    <subfield code="a">346.6204364</subfield>
    <subfield code="b">&#x634; &#x647;&#x640; &#x627;</subfield>
    <subfield code="2">22</subfield>
  </datafield>
  <datafield tag="100" ind1="1" ind2=" ">
    <subfield code="a">&#x634;&#x647;&#x627;&#x648;&#x64A;&#x60C; &#x642;&#x62F;&#x64A; &#x639;&#x628;&#x62F; &#x627;&#x644;&#x641;&#x62A;&#x627;&#x62D;.</subfield>
  </datafield>
  <datafield tag="245" ind1="1" ind2="0">
    <subfield code="a">&#x634;&#x631;&#x62D; &#x642;&#x627;&#x646;&#x648;&#x646; &#x627;&#x644;&#x62A;&#x645;&#x648;&#x64A;&#x644; &#x627;&#x644;&#x639;&#x642;&#x627;&#x631;&#x64A; &#x631;&#x642;&#x645; 148 &#x644;&#x633;&#x646;&#x629; 2001 &#x648;&#x644;&#x627;&#x626;&#x62D;&#x62A;&#x647; &#x627;&#x644;&#x62A;&#x646;&#x641;&#x64A;&#x630;&#x64A;&#x629; &#x627;&#x644;&#x635;&#x627;&#x62F;&#x631;&#x629; &#x628;&#x627;&#x644;&#x642;&#x631;&#x627;&#x631; &#x631;&#x642;&#x645; (1) &#x644;&#x633;&#x646;&#x629; 2001 &#x648;&#x627;&#x644;&#x645;&#x639;&#x62F;&#x644;&#x629; &#x628;&#x642;&#x631;&#x627;&#x631; &#x631;&#x642;&#x645; 465 &#x644;&#x633;&#x646;&#x629; 2005 :</subfield>
    <subfield code="b">&#x646;&#x635;&#x648;&#x635;&#x627;&#x60C; &#x62D;&#x62F;&#x648;&#x62F;&#x627;&#x60C; &#x642;&#x64A;&#x648;&#x62F;&#x627;&#x60C; &#x62A;&#x634;&#x631;&#x64A;&#x639;&#x627;&#x60C; &#x641;&#x642;&#x647;&#x627;&#x60C; &#x62A;&#x637;&#x628;&#x64A;&#x642;&#x627;&#x60C; &#x623;&#x648;&#x635;&#x627;&#x641;&#x627;&#x60C; &#x62A;&#x62D;&#x644;&#x64A;&#x644;&#x627;&#x60C; &#x639;&#x645;&#x644;&#x627; /</subfield>
    <subfield code="c">&#x642;&#x62F;&#x631;&#x64A; &#x639;&#x628;&#x62F; &#x627;&#x644;&#x641;&#x62A;&#x627;&#x62D; &#x627;&#x644;&#x634;&#x647;&#x627;&#x648;&#x64A;.</subfield>
  </datafield>
  <datafield tag="260" ind1=" " ind2=" ">
    <subfield code="a">&#x627;&#x644;&#x642;&#x627;&#x647;&#x631;&#x629; :</subfield>
    <subfield code="b">&#x62F;&#x627;&#x631; &#x627;&#x644;&#x646;&#x647;&#x636;&#x629; &#x627;&#x644;&#x639;&#x631;&#x628;&#x64A;&#x629;&#x60C;</subfield>
    <subfield code="c">2006.</subfield>
  </datafield>
  <datafield tag="300" ind1=" " ind2=" ">
    <subfield code="a">414 &#x635;. &#x61B;</subfield>
    <subfield code="c">24 &#x633;&#x645;.</subfield>
  </datafield>
  <datafield tag="504" ind1=" " ind2=" ">
    <subfield code="a">&#x64A;&#x634;&#x62A;&#x645;&#x644; &#x639;&#x644;&#x649; &#x625;&#x631;&#x62C;&#x627;&#x639;&#x627;&#x62A; &#x628;&#x628;&#x644;&#x64A;&#x648;&#x62C;&#x631;&#x627;&#x641;&#x64A;&#x629;.</subfield>
  </datafield>
  <datafield tag="650" ind1=" " ind2="7">
    <subfield code="a">&#x627;&#x644;&#x639;&#x642;&#x627;&#x631;&#x627;&#x62A;</subfield>
    <subfield code="x">&#x62A;&#x645;&#x648;&#x64A;&#x644;</subfield>
    <subfield code="x">&#x642;&#x648;&#x627;&#x646;&#x64A;&#x646; &#x648;&#x62A;&#x634;&#x631;&#x64A;&#x639;&#x627;&#x62A;</subfield>
    <subfield code="z">&#x645;&#x635;&#x631;.</subfield>
    <subfield code="2">BUEsh</subfield>
  </datafield>
  <datafield tag="651" ind1=" " ind2=" ">
    <subfield code="2">BUEsh</subfield>
  </datafield>
  <datafield tag="653" ind1=" " ind2=" ">
    <subfield code="b">LLAAWW</subfield>
    <subfield code="c">February2017</subfield>
  </datafield>
  <datafield tag="942" ind1=" " ind2=" ">
    <subfield code="2">ddc</subfield>
  </datafield>
  <datafield tag="999" ind1=" " ind2=" ">
    <subfield code="c">24088</subfield>
    <subfield code="d">24060</subfield>
  </datafield>
  <datafield tag="952" ind1=" " ind2=" ">
    <subfield code="0">0</subfield>
    <subfield code="1">0</subfield>
    <subfield code="2">ddc</subfield>
    <subfield code="4">0</subfield>
    <subfield code="7">0</subfield>
    <subfield code="8">DarN.AR.</subfield>
    <subfield code="a">MAIN</subfield>
    <subfield code="b">MAIN</subfield>
    <subfield code="c">1ST</subfield>
    <subfield code="d">2017-02-08</subfield>
    <subfield code="e">Purchase</subfield>
    <subfield code="g">60.00</subfield>
    <subfield code="h">2815</subfield>
    <subfield code="o">346.6204364 &#x634; &#x647;&#x640; &#x627;</subfield>
    <subfield code="p">000045390</subfield>
    <subfield code="r">2025-07-15 00:00:00</subfield>
    <subfield code="v">75.00</subfield>
    <subfield code="y">BB</subfield>
  </datafield>
  <datafield tag="952" ind1=" " ind2=" ">
    <subfield code="0">0</subfield>
    <subfield code="1">0</subfield>
    <subfield code="2">ddc</subfield>
    <subfield code="4">0</subfield>
    <subfield code="7">0</subfield>
    <subfield code="8">DarN.AR.</subfield>
    <subfield code="a">MAIN</subfield>
    <subfield code="b">MAIN</subfield>
    <subfield code="c">1ST</subfield>
    <subfield code="d">2017-02-08</subfield>
    <subfield code="e">Purchase</subfield>
    <subfield code="g">60.00</subfield>
    <subfield code="h">2815</subfield>
    <subfield code="o">346.6204364 &#x634; &#x647;&#x640; &#x627;</subfield>
    <subfield code="p">000045391</subfield>
    <subfield code="r">2025-07-15 00:00:00</subfield>
    <subfield code="v">75.00</subfield>
    <subfield code="y">BB</subfield>
  </datafield>
</record>
